000 00504nam a2200193 a 4500
001 1771067063863
003 YourLibrary
005 20260214163806.0
008 260214s1981##################000#0#eng##
020 _a9780710300003
082 0 4 _a306.6096894
_bVAN
100 1 _aBinsbergen, Wim M. J. van,
_eauthor.
245 1 0 _aReligious Change in Zambia :
260 _bRoutledge,
_c1981.
300 _a448 pages
650 0 _aHistory.
942 _cENGLISH
040 _aYourLibrary
_beng
_cYourLibrary
999 _c612566
_d612566